000 00189 a2200097 4500
020 _a9780007201792
041 _aeng
100 _aIggulden, Gonn
245 _aBones of the hill
942 _cBK
999 _c29922
_d29920